000 00420cam a2200181 4500
001 D8683
008 090401t1968 xxu||||| |||| 00| 0 eng d
035 _a(Sirsi) u14586
041 _aeng
050 _a526.9
100 _aShepherd, F. A.
245 _aSurveying problems and solutions
260 _aLondon
_bEdward Arnold
_c1968
300 _axvii. 654p. 23cm
350 _a4
942 _n0
948 _c04/03/1997
999 _c87194
_d87194